Emprendedores : 25 casos de éxito en el mundo empresarial /

Saved in:
書目詳細資料
主要作者: Meyer, Pedro, 1948- (autor.)
格式: 圖書
語言:西班牙语
出版: Barcelona : Alienta, [2010]
主題:
在線閱讀:https://elibro.unach.elogim.com/es/lc/unach/titulos/291157
標簽: 添加標簽
沒有標簽, 成為第一個標記此記錄!

MARC

LEADER 00000nam a2200000 i 4500
001 ELB291157
003 FINmELB
005 251223174156.0
006 m o u
007 cr cn|||||||||
008 251222s2010 sp o 000 0 spa d
020 |z 978-84-92414-10-9 
020 |a 9788492414277  |q (epub) 
035 |a (OCoLC)1564681940 
040 |a FINmELB  |b spa  |e rda  |c FINmELB 
050 4 |a HD62.5  |b M494 2010 
080 |a 658.016.1 
082 0 4 |a 658.11  |2 23 
100 1 |a Meyer, Pedro,  |d 1948-  |e autor. 
240 1 0 |a Emprendedores 
245 1 0 |a Emprendedores :  |b 25 casos de éxito en el mundo empresarial /  |c Pedro Meyer. 
264 1 |a Barcelona :  |b Alienta,  |c [2010] 
300 |a 1 recurso en línea 
336 |a texto  |b txt  |2 rdacontent/spa 
337 |a computadora  |b c  |2 rdamedia/spa 
338 |a recurso en línea  |b cr  |2 rdacarrier/spa 
588 |a Descripción basada en metadatos suministrados por el editor y otras fuentes. 
590 |a Recurso electrónico. Santa Fe, Arg.: elibro, 2025. Disponible vía World Wide Web. El acceso puede estar limitado para las bibliotecas afiliadas a elibro. 
650 4 |a Nuevas empresas  |v Estudio de casos. 
655 4 |a Libros electrónicos. 
797 2 |a elibro, Corp. 
856 4 0 |u https://elibro.unach.elogim.com/es/lc/unach/titulos/291157